Efectos de la altitud sobre las características físicas y organolépticas del café de la zona de los Santos
Guardado en:
| Hovedforfatter: | |
|---|---|
| Format: | Bog |
| Sprog: | Spanish |
| Udgivet: |
San José, Costa Rica
2013
|
| Fag: | |
| Tags: |
Tilføj Tag
Ingen Tags, Vær først til at tagge denne postø!
|
MARC
| LEADER | 00000nam a22000007a 4500 | ||
|---|---|---|---|
| 003 | 012243 | ||
| 005 | 20221231143912.0 | ||
| 008 | 150904b2015 cr a|||| |||| 00| 0 spa d | ||
| 040 | |c cru CEDI | ||
| 090 | |a TFG 7408 | ||
| 100 | |9 1104 |a Alfaro Vargas, Verónica | ||
| 245 | |a Efectos de la altitud sobre las características físicas y organolépticas del café de la zona de los Santos | ||
| 260 | |a San José, Costa Rica |c 2013 | ||
| 500 | |a Proyecto de graduación (licenciatura en ingeniería agrícola)--Universidad de Costa Rica. Facultad de Ingeniería. Escuela de Ingeniería Agrícola | ||
| 650 | |x CAFE |x GRANOS |x EVALUACION |x BENEFICIO DE CAFE |9 1097 | ||
| 942 | |c TFG | ||
| 999 | |c 13972 |d 13972 | ||
